01345aga a2200361 450000500170000000800370001702000180005404100080007208200180008024500790009825000180017730000660019549000460026150000460030765000510035365000330040465000770043770000270051470000310054170000310057270000270060370000380063070000310066870000330069970000270073270000300075970000280078926400430081733600270086033700330088733800280092004000350094820220317001835.0170410s2010 c g 000 0 s a9789587470567 aENG04a791.4367bD3200a10 películas fantasía, fantasmas, brujas y diabloshvideodisco digital a1a. edición a6 DVDbsonido, en blanco y negroc12 cmdlibro (56 páginas) aCine club películas para coleccionistas aPelículas con subtítulos en español142LEMBaCine fantásticovVideodiscosySiglo XX142LEMBaFantasmasvVideodiscos142LEMBaPelículas cinematográficasvColeccionesvVideodiscosySiglo XX1 aLang, Fritzd1890-19761 aLubitsch, Ernstd1892-19471 aMayo, Archie L.d1891-19681 aClair, Rened1898-19811 aMankiewicz, Joseph Leod1909-19331 aHall, Alexanderd1894-19681 aSeaton, George C.d1911-19711 aClair, Rened1898-19811 aQuine, Richardd1920-19891 aLang, Walterd1896-1972 aBogotábFonolibros de Colombiac2010 atextobtxt2rdacontent asin mediaciónbn2rdamedia avolumenbnc2rdacarrier aCO-BoRNBPbspaerdacCO-BoRNBP